000 00509nam a22001697a 4500
005 20251108170911.0
008 250721s1990 xx 000 0 ara d
082 1 4 _a327.12/كلا
100 1 _aحجازي، هيثم علي
_eترجمة
245 1 0 _aكلاب الحربب :
_bCIA /
264 1 _aعمان :
_bالأهلية للنشر و التوزيع،
_c1990.
300 _a189ص
650 1 7 _aالجاسوسية
710 2 _aمجموعة من المؤلفين
942 _2ddc
_cBK
999 _c51668
_d51668